| 000 -ლიდერი |
| ფიქსირებული სიგრძის საკონტროლო ველი |
01999nam a22002417a 4500 |
| 003 - საკონტროლო ნომრის იდენტიფიკატორი |
| საკონტროლო ველი |
Ge_BSU |
| 005 - ბოლო ოპერაციის თარიღი და დრო |
| საკონტროლო ველი |
20251217152616.0 |
| 008 - ფიქსირებული სიგრძის მონაცემთა ელემენტები - ზოგადი ინფორმაცია |
| ფიქსირებული სიგრძის საკონტროლო ველი |
251217s2021 ge ||||| |||| 00| 0 geo d |
| 020 ## - წიგნის საერთაშორისო სტანდარტული ნომერი |
| International Standard Book Number |
9789941960697 |
| 041 ## - ენის კოდი |
| Language code of text/sound track or separate title |
geo |
| 080 ## - უნივერსალური ათობითი კლასიფიკაციის ინდექსი |
| Universal Decimal Classification number |
316(479.22)(092)(038) : 929(479.22)(038) ი-47 |
| 100 ## - მთავარი ჩანაწერი - პიროვნების სახელი |
| Personal name |
იმედაშვილი, იოსებ |
| 9 (RLIN) |
26544 |
| 245 ## - ცნობა სათაურის შესახებ |
| Title |
ქართველ მოღვაწეთა ლექსიკონი : |
| Remainder of title |
1801-1952. ტომი 2, ე - ლ / |
| Statement of responsibility, etc |
იოსებ იმედაშვილი; ტექსტს რედაქცია გაუკეთა, ხელნაწერი და მისი ვარიანტები შეადარა და ბიბლიოგრაფია შეავსო ქეთევან გზირიშვილმა; სარედაქციო კოლეგია: ქეთევან გზირიშვილი, ლევან თაქთაქიშვილი, კობა იმედაშვილი, თინა ლაღიძე; გარეკანი გიორგი წერეთლისა. |
| 264 ## - წარმოების, გამოცემის, დისტრიბუციის და სხვა ცნობები |
| გამოცემის, წარმოების, დისტრიბუციის... ადგილი |
თბილისი : |
| გამოცემის, წარმოების, დისტრიბუციის... სახელწოდება |
ეროვნული ბიბლიოთეკის გამ-ბა, |
| გამოცემის, წარმოების, დისტრიბუციის... თარიღი |
2021. |
| 300 ## - ფიზიკური აღწერა |
| Extent |
898 გვ. : |
| Other physical details |
პორტრ. |
| Dimensions |
29 სმ. |
| 700 ## - ADDED ENTRY--PERSONAL NAME |
| Personal name |
გზირიშვილი, ქეთევან |
| Relator term |
რედაქტორი |
| 9 (RLIN) |
26545 |
| 700 ## - ADDED ENTRY--PERSONAL NAME |
| Personal name |
თაქთაქიშვილი, ლევან |
| Relator term |
რედაქტორი |
| 9 (RLIN) |
328 |
| 700 ## - ADDED ENTRY--PERSONAL NAME |
| Personal name |
იმედაშვილი, კობა |
| Relator term |
რედაქტორი |
| 9 (RLIN) |
26546 |
| 700 ## - ADDED ENTRY--PERSONAL NAME |
| Personal name |
ლაღიძე, თინა |
| Relator term |
რედაქტორი |
| 9 (RLIN) |
26547 |
| 700 ## - ADDED ENTRY--PERSONAL NAME |
| Personal name |
წერეთელი, გიორგი |
| Relator term |
გარეკანის ავტორი |
| 9 (RLIN) |
26549 |
| 856 ## - ELECTRONIC LOCATION AND ACCESS |
| Uniform Resource Identifier |
https://dspace.nplg.gov.ge/bitstream/1234/362985/1/Qartvel_Moghvaweta_Leqsikoni_Tomi-II.pdf |
| Link text |
ელ. ვერსია |
| 942 ## - ADDED ENTRY ELEMENTS (KOHA) |
| Source of classification or shelving scheme |
|
| Koha item type |
წიგნი |